| 000 | 00503nam a22001817a 4500 | ||
|---|---|---|---|
| 003 | UA-OsUOA | ||
| 001 | 13187 | ||
| 007 | ta | ||
| 008 | 20030420b un ||||| |||| 00| 0 ukr d | ||
| 100 | _aВальчук П. | ||
| 942 | _cSA | ||
| 040 |
_aUA-OsUOA _cUA-OsUOA _dUA-OsUOA |
||
| 245 | _aЯк живеш регіональна медицино? | ||
| 300 | _aС.1,8 | ||
| 955 | _a0 | ||
| 773 | 0 |
_w0 _tСім днів _dРівне _d2003 _g№15/11 квіт./ |
|
| 650 | 7 |
_aКраєзнавча робота _2UDC |
|
| 999 |
_c299348 _d299348 |
||